000 00913nam a2200277 a 4500
001 58555
003 BD-RjUL
005 20211209080632.0
008 920610s1993 enka b 001 0 eng
020 _a052136566X (hb)
020 _a0521367581 (pbk.)
035 _a(BD-RjUL)58679
040 _aDLC
_cDLC
_dBD-RjUL
_beng
041 _aeng
082 0 0 _a338.10285
_223
_bPOD 1993
100 1 _aPoate, Derek.
_9173971
245 1 0 _aData for agrarian development /
_cC.D. Poate & P.F. Daplyn.
260 _aCambridge ;
_aNew York, NY, USA :
_bCambridge University Press,
_c1993.
300 _ax, 387 p. :
_bill. ;
_c24 cm.
504 _aIncludes bibliographical references (p. [368]-370) and index.
650 0 _aAgriculture
_xData Processing
_9173973
700 1 _aDaplyn, P. F.
_9173974
942 _2ddc
_cBK
999 _c58555
_d58555